"China" in All Featured Languages - Statistics

General Stats
  • This quiz has been taken 65 times
  • The average score is 7 of 9
Answer Stats
Language Name % Correct
English China
100%
Spanish China
89%
German China
86%
Portuguese China
86%
Dutch China
86%
French Chine
86%
Polish Chiny
77%
Italian Cina
52%
Finnish Kiina
23%
No matching quizzes found
Score Distribution
Percent of People with Each Score
Percentile by Number Answered
Your Score History
You have not taken this quiz